000 01656nam a22004337a 4500
001 000096588
003 CHAP
005 20220329143202.0
008 061124d2006 mx r 00110 spa d
010 _a93054
011 _a94026
035 _a104610
040 _cCHAP
090 _aTesis
100 1 _aDomínguez Velázquez, Rodrigo.
_933911
245 1 0 _aMercado de servicios ambientales, una propuesta para disminuir la problemática del agua en la cuenca del Río Texcoco /
_c/por Rodrigo Domínguez Velázquez.
260 _aChapingo, Méx. :
_bEl autor,
_c2006.
300 _a102 h. :
_bgráfs.; cuadros, mapas.
502 _aTesis (Ing. Agr. Esp. en Economía Agrícola) - - UACH. División de Ciencias Económico Administrativas
590 _aALEPH
_b10
_c20130110
_lUCH01
_h1515
590 _aBATCH-UPD
_b10
_c20130110
_lUCH01
_h1656
590 _aBATCH-UPD
_b10
_c20130410
_lUCH01
_h1045
590 _aBATCH-UPD
_b10
_c20130914
_lUCH01
_h0258
590 _aBATCH-UPD
_b10
_c20140324
_lUCH01
_h1459
590 _aBATCH-UPD
_b10
_c20141002
_lUCH01
_h0832
590 _aCONVERSION
_b10
_c20130109
_lUCH01
_h1351
590 _aE792CSJ
_b10
_c20130605
_lUCH01
_h1143
650 1 4 _aAgua para irrigacion.
_92430
650 1 4 _aAgua potable.
_92442
650 1 4 _aAgua
_xAbastecimiento
_xCostos.
_92238
650 1 4 _aAgua
_xAbastecimiento
_xMexico (Edo.)
_92252
856 _3Finding aid
_uhttp://10.13.5.2/tesis/104610.pdf
_zTeclea aquí
901 _aBK
905 _aElisama A. H.
942 _cCD
942 _n0
949 _aTesis
_bBC
_cTES
_d33724002007652
_eTS2
_fc.2
_h45973
_i104610
_si
949 _aTesis
_bBC
_cTES
_d33724002007785
_eTS1
_h45972
_i104610
_sb
999 _c93054
_d93054